| 000 | 00781nmm a2200253 a 4500 | ||
|---|---|---|---|
| 001 | ocm000701931 | ||
| 003 | TR-IsHL | ||
| 005 | 20201028135646.0 | ||
| 008 | 131209s2001 tu tur | ||
| 007 | cr cn | ||
| 035 |
_a701931 _b(N$T) |
||
| 050 | 0 | 4 |
_aTJ812 _b.G86 2001 |
| 090 | 0 | 4 |
_aTJ812 _b.G86 2001 |
| 245 | 1 | 0 |
_aGüneş enerjisi sistemleri _h[electronic resource] / _chaz. İlkay Akçalı |
| 260 |
_aİstanbul : _bİstanbul Ticaret Odası, _c2001 |
||
| 300 | _a28 p. | ||
| 650 | 4 | _aEnerji | |
| 650 | 4 | _aEnergy | |
| 650 | 0 | _aGüneş enerjisi sistemleri | |
| 650 | 0 | _aSolar energy systems | |
| 650 | 7 |
_aSCIENCE / Energy _2bisacsh |
|
| 700 | 1 | _aAkçalı, İlkay | |
| 856 | 4 | 0 | _uhttp://search.ebscohost.com/login.aspx?direct=true&scope=site&db=e011xww&AN=701931 |
| 999 |
_c6863 _d6863 |
||